[Event "Winnipeg November Quad-A"]
[Site "Winnipeg"]
[Date "2014.11.07"]
[Round "1.3"]
[White "Liebzeit, Mick"]
[Black "Andraschko, Felix"]
[Result "1/2-1/2"]
[WhiteElo "1902"]
[BlackElo "2161"]
[PlyCount "89"]
[EventDate "2014.11.23"]
[EventType "swiss"]
[EventRounds "3"]
[EventCountry "CAN"]
[SourceTitle "EXT 2022"]
[Source "ChessBase"]
[SourceDate "2021.10.06"]
[SourceVersion "1"]
[SourceVersionDate "2021.10.06"]
[SourceQuality "1"]

1. e4 c5 2. Nf3 Nc6 3. Bb5 e6 4. 0-0 Nge7 5. Nc3 a6 6. Bxc6 Nxc6 7. d4 cxd4 8. Nxd4 Qc7 9. Nde2 Be7 10. Bf4 d6 11. Bg3 0-0 12. Kh1 Ne5 13. h3 b5 14. Nd4 Bb7 15. Qe2 Nc4 16. Nd1 Bf6 17. c3 Qc5 18. b3 Nb6 19. Qd3 Rfd8 20. Rc1 e5 21. Nf5 d5 22. exd5 Bxd5 23. Qe3 Qc6 24. f3 Qe6 25. Bh2 Qxf5 26. Qxb6 Qe6 27. Qf2 Rac8 28. Ne3 e4 29. c4 bxc4 30. fxe4 Qxe4 31. Nxd5 Qxd5 32. Qg3 Kh8 33. Qg4 c3 34. Rc2 Qd3 35. Rfc1 Qg6 36. Qf3 Bg5 37. Bf4 Bxf4 38. Qxf4 Rd3 39. Qe5 Qc6 40. Kg1 Qc5+ 41. Qxc5 Rxc5 42. Kf2 g5 43. Ke2 Rg3 44. Kf2 Rd3 45. Ke2 1/2-1/2

[Event "MCA Champions"]
[Site "Winnipeg"]
[Date "2014.11.04"]
[Round "1"]
[White "Andraschko, Felix"]
[Black "Wolchock, Theo"]
[Result "1-0"]
[WhiteElo "2102"]
[BlackElo "1963"]
[PlyCount "67"]
[EventDate "2014.11.04"]
[EventType "swiss"]
[EventRounds "6"]
[EventCountry "CAN"]
[SourceTitle "EXT 2019"]
[Source "ChessBase"]
[SourceDate "2018.10.10"]
[SourceVersion "1"]
[SourceVersionDate "2018.10.10"]
[SourceQuality "1"]

1. d4 Nf6 2. Nf3 d5 3. e3 e6 4. Bd3 c5 5. b3 Nc6 6. 0-0 Be7 7. Bb2 0-0 8. a3 b6 9. Nbd2 Bb7 10. Qe2 Rc8 11. Ne5 Nd7 12. f4 f6 13. Nxd7 Qxd7 14. Nf3 Na5 15. Nd2 Bd6 16. Rad1 Qc7 17. dxc5 bxc5 18. c4 e5 19. cxd5 Bxd5 20. Nc4 Nxc4 21. Bxc4 Bxc4 22. Qxc4+ Kh8 23. Qe6 Rcd8 24. fxe5 Bxe5 25. Bxe5 fxe5 26. h3 Rfe8 27. Rxd8 Rxd8 28. Rf7 Qb8 29. Qe7 Rd1+ 30. Kf2 Rd2+ 31. Ke1 Rd1+ 32. Kxd1 Qxb3+ 33. Ke2 Qc4+ 34. Kf2 1-0

[Event "Winnipeg op"]
[Site "Winnipeg"]
[Date "2014.06.24"]
[Round "4"]
[White "Baron, Gustav L"]
[Black "Andraschko, Felix"]
[Result "0-1"]
[WhiteElo "1904"]
[BlackElo "2181"]
[PlyCount "128"]
[EventDate "2014.06.03"]
[EventType "swiss"]
[EventRounds "8"]
[EventCountry "CAN"]
[SourceTitle "EXT 2019"]
[Source "ChessBase"]
[SourceDate "2018.10.10"]
[SourceVersion "1"]
[SourceVersionDate "2018.10.10"]
[SourceQuality "1"]

1. d4 Nf6 2. c4 e6 3. Nc3 Bb4 4. Qc2 0-0 5. Bg5 c5 6. dxc5 Na6 7. a3 Bxc3+ 8. Qxc3 Nxc5 9. f3 h6 10. Bh4 Re8 11. b4 Nfe4 12. Bxd8 Nxc3 13. bxc5 Rxd8 14. a4 d5 15. cxd6 Rxd6 16. e4 Bd7 17. a5 Be8 18. Ne2 Na4 19. Nc1 Nc5 20. Be2 Ra6 21. Kf2 Rd8 22. Rd1 Rxd1 23. Bxd1 b6 24. Ke3 e5 25. Ne2 Nb7 26. Nc3 Rxa5 27. Rxa5 Nxa5 28. Kd3 Kf8 29. Nd5 Nb7 30. Kc3 Nc5 31. Bc2 Bc6 32. Nb4 Bd7 33. Nd5 Ke8 34. Bd1 Bc6 35. Ne3 Bd7 36. Nd5 Kd8 37. Bc2 Kc8 38. Bd1 Kb7 39. Bc2 Be6 40. Bd1 Kc6 41. Nb4+ Kd6 42. Nd5 Bd7 43. Bc2 Kc6 44. Nb4+ Kb7 45. g3 a5 46. Nd5 Ba4 47. Ne3 Bxc2 48. Kxc2 Kc6 49. Kc3 Ne6 50. Nc2 Kc5 51. Ne1 f6 52. Nd3+ Kc6 53. h4 Nc5 54. Ne1 b5 55. cxb5+ Kxb5 56. Nc2 Ne6 57. Na3+ Kc5 58. Nc4 a4 59. Nb2 a3 60. Nd3+ Kb5 61. Kb3 Nc5+ 62. Nxc5 Kxc5 63. Kxa3 Kd4 64. Kb4 Ke3 0-1

[Event "Staufer op 26th"]
[Site "Schwaebisch Gmuend"]
[Date "2014.01.02"]
[Round "2"]
[White "Dimitrijevic, Aleksandra"]
[Black "Andraschko, Felix"]
[Result "1-0"]
[WhiteElo "2276"]
[BlackElo "2145"]
[PlyCount "55"]
[EventDate "2014.01.02"]
[EventType "swiss"]
[EventRounds "9"]
[EventCountry "GER"]
[SourceTitle "CBM 158 Extra"]
[Source "ChessBase"]
[SourceDate "2014.02.28"]
[SourceVersion "1"]
[SourceVersionDate "2014.02.28"]
[SourceQuality "1"]

1. c4 c5 2. Nc3 Nc6 3. Nf3 Nf6 4. g3 d5 5. cxd5 Nxd5 6. Bg2 g6 7. 0-0 Bg7 8. Nxd5 Qxd5 9. d3 0-0 10. Qc2 Qd6 11. Bd2 Rb8 12. Bc3 Nd4 13. Bxd4 Bxd4 14. Nxd4 Qxd4 15. Rac1 b6 16. e3 Qf6 17. b4 cxb4 18. Qc7 Ba6 19. Qxa7 Bxd3 20. Rfd1 Bb5 21. Rd4 Rbc8 22. Rcd1 Rc2 23. Rf4 Qc3 24. h3 Bc4 25. Qxe7 Rxa2 26. Kh2 b3 27. Rfd4 Raa8 28. Bxa8 1-0

[Event "SM-2013-0-00268"]
[Site "LSS email"]
[Date "2013.08.30"]
[Round "?"]
[White "Andraschko, Felix"]
[Black "Steinke, Ruediger"]
[Result "1/2-1/2"]
[WhiteElo "2176"]
[BlackElo "2217"]
[PlyCount "55"]
[EventDate "2013.08.07"]
[EventType "tourn (corr)"]
[EventRounds "6"]
[EventCountry "GER"]
[SourceTitle "Corr 2015"]
[Source "ChessBase"]
[SourceDate "2015.07.17"]
[SourceVersion "1"]
[SourceVersionDate "2015.07.17"]
[SourceQuality "1"]

1. d4 Nf6 2. c4 e6 3. Nf3 b6 4. g3 Ba6 5. Qa4 Bb7 6. Bg2 c5 7. dxc5 Bxc5 8. 0-0 0-0 9. Nc3 Be7 10. Rd1 Na6 11. Bf4 Nc5 12. Qc2 Qc8 13. Rd4 d5 14. Rc1 Nce4 15. Nxe4 dxe4 16. Ne5 h6 17. Rdd1 a5 18. h4 Rd8 19. Rxd8+ Bxd8 20. Qc3 Qc5 21. Be3 Qb4 22. Bd4 Bc7 23. b3 Qxc3 24. Bxc3 Rd8 25. Kf1 Kf8 26. Ke1 Ke7 27. e3 g5 28. hxg5 1/2-1/2

[Event "SM-2013-0-00268"]
[Site "LSS email"]
[Date "2013.08.30"]
[Round "?"]
[White "Mesquita, Fausto Monteiro Jr"]
[Black "Andraschko, Felix"]
[Result "0-1"]
[WhiteElo "1959"]
[BlackElo "2176"]
[PlyCount "108"]
[EventDate "2013.08.07"]
[EventType "tourn (corr)"]
[EventRounds "6"]
[EventCountry "GER"]
[SourceTitle "Corr 2015"]
[Source "ChessBase"]
[SourceDate "2015.07.17"]
[SourceVersion "1"]
[SourceVersionDate "2015.07.17"]
[SourceQuality "1"]

1. d4 Nf6 2. c4 e6 3. Nf3 d5 4. Nc3 dxc4 5. e4 Bb4 6. Bg5 c5 7. e5 cxd4 8. Qa4+ Nc6 9. 0-0-0 Bd7 10. Ne4 Be7 11. exf6 gxf6 12. Bh4 a6 13. Qxc4 e5 14. Nxe5 Nxe5 15. Qxd4 0-0 16. Qe3 Qc8+ 17. Kb1 Bf5 18. f3 Qe6 19. Rc1 Rfd8 20. h3 Rac8 21. Be2 Bg6 22. Ka1 Nc6 23. Qf4 b5 24. Bd1 Nd4 25. Rc3 b4 26. Rxc8 Rxc8 27. Ba4 f5 28. Bxe7 fxe4 29. Bg5 b3 30. Bxb3 Nxb3+ 31. axb3 h6 32. Bxh6 Qxb3 33. Qe3 Qb5 34. f4 Kh7 35. Bg5 Rc2 36. Bf6 Rxg2 37. Be5 Rd2 38. Rc1 Bf5 39. Qg3 Qa5+ 40. Qa3 Qxa3+ 41. bxa3 e3 42. Bc3 Rh2 43. Rg1 Rc2 44. Ba5 e2 45. Rh1 Kg6 46. Rg1+ Kf6 47. h4 Be4 48. h5 Kf5 49. Rg7 Rc1+ 50. Kb2 Rb1+ 51. Ka2 f6 52. Rg2 e1Q 53. Bxe1 Rxe1 54. Rf2 Rh1 0-1

[Event "SM-2013-0-00268"]
[Site "LSS email"]
[Date "2013.08.28"]
[Round "?"]
[White "Mroczek, Jacek"]
[Black "Andraschko, Felix"]
[Result "1/2-1/2"]
[WhiteElo "2141"]
[BlackElo "2176"]
[PlyCount "69"]
[EventDate "2013.08.07"]
[EventType "tourn (corr)"]
[EventRounds "6"]
[EventCountry "GER"]
[SourceTitle "Corr 2015"]
[Source "ChessBase"]
[SourceDate "2015.07.17"]
[SourceVersion "1"]
[SourceVersionDate "2015.07.17"]
[SourceQuality "1"]

1. d4 Nf6 2. c4 e6 3. Nc3 Bb4 4. e3 0-0 5. Bd3 c5 6. Nf3 Nc6 7. 0-0 d5 8. a3 Bxc3 9. bxc3 dxc4 10. Bxc4 Qc7 11. Ba2 e5 12. h3 e4 13. Nh2 Na5 14. Bb2 Be6 15. Bxe6 fxe6 16. a4 Rac8 17. Ba3 b6 18. Qb1 Rfd8 19. Ng4 Nxg4 20. hxg4 Qc6 21. Rd1 h6 22. dxc5 bxc5 23. Rxd8+ Rxd8 24. Qb5 Qxb5 25. axb5 Nb3 26. Ra2 Rd3 27. c4 e5 28. Rb2 Rc3 29. Rb1 Kf7 30. Bb2 Rxc4 31. Bxe5 Rb4 32. Bd6 Rxb5 33. Bxc5 a5 34. Ba3 Ke6 35. Rb2 1/2-1/2

[Event "WC-2017-P-00014"]
[Site "LSS email"]
[Date "2013.02.27"]
[Round "?"]
[White "Andraschko, Felix"]
[Black "Simmelink, Joop Theo"]
[Result "1/2-1/2"]
[WhiteElo "2176"]
[BlackElo "2243"]
[PlyCount "47"]
[EventDate "2013.03.03"]
[EventType "tourn (corr)"]
[EventRounds "12"]
[EventCountry "GER"]
[SourceTitle "Corr 2015"]
[Source "ChessBase"]
[SourceDate "2015.07.17"]
[SourceVersion "1"]
[SourceVersionDate "2015.07.17"]
[SourceQuality "1"]

1. d4 d5 2. c4 c6 3. Nc3 Nf6 4. e3 e6 5. Nf3 Nbd7 6. Qc2 Bd6 7. b3 0-0 8. Be2 b6 9. 0-0 Bb7 10. Bb2 c5 11. cxd5 exd5 12. Nb5 Be7 13. Rac1 a6 14. dxc5 axb5 15. c6 Bxc6 16. Qxc6 Rxa2 17. Bxf6 Nxf6 18. Bxb5 g6 19. Ra1 Rxa1 20. Rxa1 Bc5 21. Ra7 Qb8 22. Rc7 Ne4 23. g4 Qa8 24. Bd3 1/2-1/2

[Event "WC-2017-P-00014"]
[Site "LSS email"]
[Date "2013.02.27"]
[Round "?"]
[White "Kraujunas, Vladas"]
[Black "Andraschko, Felix"]
[Result "1/2-1/2"]
[WhiteElo "1621"]
[BlackElo "2176"]
[PlyCount "34"]
[EventDate "2013.03.03"]
[EventType "tourn (corr)"]
[EventRounds "12"]
[EventCountry "GER"]
[SourceTitle "Corr 2015"]
[Source "ChessBase"]
[SourceDate "2015.07.17"]
[SourceVersion "1"]
[SourceVersionDate "2015.07.17"]
[SourceQuality "1"]

1. e4 e5 2. Nf3 Nc6 3. Bb5 a6 4. Ba4 Nge7 5. 0-0 g6 6. c3 Bg7 7. d4 exd4 8. cxd4 0-0 9. Nc3 d5 10. Bxc6 bxc6 11. Re1 Bg4 12. h3 Bxf3 13. Qxf3 dxe4 14. Qxe4 Nf5 15. Qxc6 Nxd4 16. Qc4 Rb8 17. Rb1 Re8 1/2-1/2

[Event "WC-2017-P-00014"]
[Site "LSS email"]
[Date "2013.02.27"]
[Round "?"]
[White "Sukhanitskij, Stanislav"]
[Black "Andraschko, Felix"]
[Result "1/2-1/2"]
[WhiteElo "2045"]
[BlackElo "2176"]
[PlyCount "53"]
[EventDate "2013.03.03"]
[EventType "tourn (corr)"]
[EventRounds "12"]
[EventCountry "GER"]
[SourceTitle "Corr 2015"]
[Source "ChessBase"]
[SourceDate "2015.07.17"]
[SourceVersion "1"]
[SourceVersionDate "2015.07.17"]
[SourceQuality "1"]

1. Nf3 Nf6 2. g3 d5 3. d4 b5 4. Bg2 e6 5. 0-0 Nbd7 6. a4 b4 7. c4 bxc3 8. Nxc3 Ba6 9. Qc2 Bd6 10. Nb5 0-0 11. Bf4 Qb8 12. Nxc7 Qxc7 13. Qxc7 Bxc7 14. Bxc7 Bxe2 15. Rfc1 Rfc8 16. b4 Ne4 17. b5 g5 18. Rc6 Nb6 19. Re1 Bxf3 20. Bxf3 Nd2 21. Bd1 Ndc4 22. f4 Na5 23. Rc3 Nac4 24. Bxb6 axb6 25. fxg5 Nb2 26. Rxc8+ Rxc8 27. Be2 1/2-1/2

[Event "BI-2013-F-0000"]
[Site "LSS email"]
[Date "2013.02.15"]
[Round "?"]
[White "Andraschko, Felix"]
[Black "Edwards, KEDG"]
[Result "1/2-1/2"]
[WhiteElo "2263"]
[BlackElo "2145"]
[PlyCount "39"]
[EventDate "2013.02.20"]
[EventType "tourn (corr)"]
[EventRounds "10"]
[EventCountry "GER"]
[SourceTitle "Corr 2022"]
[Source "ChessBase"]
[SourceDate "2021.10.24"]
[SourceVersion "1"]
[SourceVersionDate "2021.10.24"]
[SourceQuality "1"]

1. d4 Nf6 2. c4 g6 3. Nf3 Bg7 4. g3 0-0 5. Bg2 c6 6. Nc3 d5 7. cxd5 cxd5 8. Ne5 e6 9. 0-0 Nfd7 10. f4 Nc6 11. Be3 Nb6 12. Bf2 Bd7 13. e4 Ne7 14. a4 dxe4 15. Nxe4 Bc6 16. a5 Nbd5 17. Qd2 Nf6 18. Nxf6+ Bxf6 19. Nxc6 bxc6 20. Rfc1 1/2-1/2

[Event "BI-2013-F-0000"]
[Site "LSS email"]
[Date "2013.02.15"]
[Round "?"]
[White "Andraschko, Felix"]
[Black "Nichols, Scott"]
[Result "1/2-1/2"]
[WhiteElo "2263"]
[BlackElo "2424"]
[PlyCount "85"]
[EventDate "2013.02.20"]
[EventType "tourn (corr)"]
[EventRounds "10"]
[EventCountry "GER"]
[SourceTitle "Corr 2022"]
[Source "ChessBase"]
[SourceDate "2021.10.24"]
[SourceVersion "1"]
[SourceVersionDate "2021.10.24"]
[SourceQuality "1"]

1. d4 Nf6 2. c4 g6 3. g3 Bg7 4. Bg2 0-0 5. Nc3 c6 6. e4 d6 7. Nge2 e5 8. 0-0 Nbd7 9. h3 exd4 10. Nxd4 Re8 11. Be3 Qe7 12. Qc2 a5 13. Rfe1 Nc5 14. Rad1 a4 15. f4 Nfd7 16. Bf2 Qd8 17. Nf3 a3 18. e5 axb2 19. Qxb2 Qa5 20. Rxd6 Nb6 21. Rdd1 Nxc4 22. Qc1 Bf5 23. Bf1 Qb4 24. g4 Be6 25. Nd4 Rad8 26. Re2 Bh6 27. Rc2 Nxe5 28. g5 Rxd4 29. fxe5 Rxd1 30. Nxd1 Bf8 31. Bxc5 Bxc5+ 32. Rxc5 Qd4+ 33. Nf2 Bxa2 34. Rc3 Rxe5 35. Rd3 Qb6 36. Qf4 Rf5 37. Qd2 Bd5 38. h4 Rf3 39. Rxf3 Bxf3 40. Bg2 Qb1+ 41. Kh2 Bxg2 42. Kxg2 c5 43. Qd8+ 1/2-1/2

[Event "BI-2013-F-0000"]
[Site "LSS email"]
[Date "2013.02.15"]
[Round "?"]
[White "Fernandez, Javier Horacio"]
[Black "Andraschko, Felix"]
[Result "1/2-1/2"]
[WhiteElo "2320"]
[BlackElo "2263"]
[PlyCount "49"]
[EventDate "2013.02.20"]
[EventType "tourn (corr)"]
[EventRounds "10"]
[EventCountry "GER"]
[SourceTitle "Corr 2022"]
[Source "ChessBase"]
[SourceDate "2021.10.24"]
[SourceVersion "1"]
[SourceVersionDate "2021.10.24"]
[SourceQuality "1"]

1. e4 e5 2. Bc4 Nf6 3. d3 c6 4. Nf3 d5 5. Bb3 Bd6 6. Nc3 dxe4 7. Ng5 0-0 8. Ngxe4 Nxe4 9. Nxe4 Bf5 10. Qf3 Bxe4 11. dxe4 Nd7 12. 0-0 Nc5 13. Be3 Qe7 14. c3 Nxb3 15. axb3 a5 16. Rfd1 Bc7 17. g3 Rad8 18. Kg2 Rxd1 19. Rxd1 Rd8 20. h4 Rxd1 21. Qxd1 g6 22. Bh6 Qd8 23. Qg4 Bd6 24. h5 Be7 25. Be3 1/2-1/2

[Event "CP-2011-Q-00009"]
[Site "LSS email"]
[Date "2013.01.14"]
[Round "?"]
[White "Andraschko, Felix"]
[Black "Sukhorskij, Vladimir Stanislavo"]
[Result "1/2-1/2"]
[WhiteElo "2169"]
[BlackElo "2128"]
[PlyCount "51"]
[EventDate "2013.01.20"]
[EventType "tourn (corr)"]
[EventRounds "6"]
[EventCountry "GER"]
[SourceTitle "Telechess CBM 163"]
[Source "ChessBase"]
[SourceDate "2014.11.11"]
[SourceVersion "2"]
[SourceVersionDate "2014.11.11"]
[SourceQuality "1"]

1. d4 Nf6 2. c4 e6 3. Nc3 Bb4 4. Qc2 0-0 5. a3 Bxc3+ 6. Qxc3 b6 7. Bg5 Bb7 8. f3 h6 9. Bh4 d5 10. e3 Re8 11. Bd3 Nbd7 12. Ne2 e5 13. 0-0 c5 14. Rac1 Rc8 15. dxc5 g5 16. Bg3 Nxc5 17. Bf5 dxc4 18. e4 Nfd7 19. Rfd1 Nd3 20. Rc2 Ba6 21. Rcd2 Rc7 22. Nc1 Qb8 23. a4 Kg7 24. f4 gxf4 25. Bxf4 Nf6 26. Bxh6+ 1/2-1/2

[Event "CP-2011-Q-00009"]
[Site "LSS email"]
[Date "2013.01.14"]
[Round "?"]
[White "Andraschko, Felix"]
[Black "Vertongen, Willy"]
[Result "1/2-1/2"]
[WhiteElo "2169"]
[BlackElo "2166"]
[PlyCount "53"]
[EventDate "2013.01.20"]
[EventType "tourn (corr)"]
[EventRounds "6"]
[EventCountry "GER"]
[SourceTitle "Telechess CBM 163"]
[Source "ChessBase"]
[SourceDate "2014.11.11"]
[SourceVersion "2"]
[SourceVersionDate "2014.11.11"]
[SourceQuality "1"]

1. Nf3 Nf6 2. c4 c5 3. Nc3 Nc6 4. g3 g6 5. Bg2 Bg7 6. d4 cxd4 7. Nxd4 0-0 8. 0-0 Nxd4 9. Qxd4 d6 10. Qd3 a6 11. Be3 Bf5 12. Qd2 Ng4 13. Rac1 Nxe3 14. Qxe3 Rb8 15. Rfd1 b6 16. b4 Be6 17. Nd5 Bxd5 18. cxd5 b5 19. a3 Rb7 20. Rd2 a5 21. Rdc2 Qa8 22. h4 h5 23. Qd2 axb4 24. axb4 Bf6 25. e4 Kh7 26. Bf1 Rfb8 27. Kg2 1/2-1/2

[Event "Oberliga Sued W 1213"]
[Site "Germany"]
[Date "2012.11.25"]
[Round "3.8"]
[White "Andraschko, Felix"]
[Black "Pernutz, Hans Gerhard"]
[Result "1/2-1/2"]
[WhiteElo "2101"]
[BlackElo "2121"]
[PlyCount "67"]
[EventDate "2012.10.21"]
[EventType "team-tourn"]
[EventRounds "9"]
[EventCountry "GER"]
[SourceTitle "EXT 2019"]
[Source "ChessBase"]
[SourceDate "2018.10.10"]
[SourceVersion "1"]
[SourceVersionDate "2018.10.10"]
[SourceQuality "1"]
[WhiteTeam "Landau"]
[BlackTeam "Saarbruecken SVG"]
[WhiteTeamCountry "GER"]
[BlackTeamCountry "GER"]

1. d4 Nf6 2. c4 c5 3. d5 b5 4. cxb5 a6 5. bxa6 d6 6. Nc3 Bxa6 7. e4 Bxf1 8. Kxf1 g6 9. Nf3 Nbd7 10. g3 Bg7 11. Kg2 0-0 12. Re1 Ra6 13. e5 Ne8 14. e6 fxe6 15. Ng5 Nc7 16. Nxe6 Nxe6 17. Rxe6 Nb6 18. Bg5 Ra7 19. Qd2 Bd4 20. Be3 Bxc3 21. bxc3 Qa8 22. Kg1 Qxd5 23. Qxd5 Nxd5 24. Bg5 Rf5 25. h4 Kf7 26. Rae1 Nf6 27. c4 Rf3 28. Kg2 Rd3 29. R6e2 Rd4 30. Rc2 Ra4 31. Rb2 Ra7 32. Rc2 Ng4 33. Rce2 Nf6 34. Rc2 1/2-1/2

[Event "Stuttgart-chA int"]
[Site "Ditzingen"]
[Date "2012.05.19"]
[Round "6"]
[White "Andraschko, Felix"]
[Black "Kabisch, Thilo"]
[Result "0-1"]
[WhiteElo "2069"]
[BlackElo "2277"]
[PlyCount "70"]
[EventDate "2012.05.17"]
[EventType "swiss"]
[EventRounds "7"]
[EventCountry "GER"]
[SourceTitle "EXT 2018"]
[Source "ChessBase"]
[SourceDate "2017.10.13"]
[SourceVersion "1"]
[SourceVersionDate "2017.10.13"]
[SourceQuality "1"]

1. Nf3 Nf6 2. c4 g6 3. Nc3 Bg7 4. e4 d6 5. d4 0-0 6. Be2 e5 7. 0-0 Nc6 8. d5 Ne7 9. b4 Ne8 10. Nd2 f5 11. c5 Kh8 12. a4 Nf6 13. f3 Bh6 14. Nc4 Bxc1 15. Rxc1 f4 16. g4 g5 17. Rf2 Ng6 18. Nb5 Ne8 19. Qb3 h5 20. h3 Nh4 21. cxd6 cxd6 22. Bd1 Rf6 23. Rcc2 Rh6 24. Nb2 Bd7 25. Qd3 a6 26. Nc3 hxg4 27. hxg4 Qe7 28. Nc4 b5 29. Nb6 Rb8 30. a5 Qh7 31. Rh2 Nf6 32. Nxd7 Qxd7 33. Nb1 Rf8 34. Rcf2 Qa7 35. Qc3 Rh7 0-1